| 000 | 00439nam a2200181Ia 4500 | ||
|---|---|---|---|
| 005 | 20240528060338.0 | ||
| 008 | 240331s9999 xx 000 0 und d | ||
| 020 | _a9551131975 | ||
| 082 |
_bRAJ _a340.09 |
||
| 100 | _aRajepakse, Ruana | ||
| 245 | 3 | _aAn introduction to Law in Sri Lanka | |
| 250 | _a2nd | ||
| 260 |
_aSri Lanka _bStamford Lake ( Pvt) Ltd _c2006 |
||
| 300 | _a141 p ., | ||
| 650 | _aLaw | ||
| 650 | _aRules | ||
| 942 | _cL | ||
| 999 |
_c2822 _d2822 |
||